[Event "Dresden ZMD op-C 21th"]
[Site "Dresden"]
[Date "2012.08.22"]
[Round "5"]
[White "Jahn, Dietmar"]
[Black "Lukasser, Franz"]
[Result "1/2-1/2"]
[WhiteElo "1679"]
[BlackElo "1535"]
[PlyCount "59"]
[EventDate "2012.08.18"]
[EventType "swiss"]
[EventRounds "9"]
[EventCountry "GER"]
[SourceTitle "CBM 150 Extra"]
[Source "ChessBase"]
[SourceDate "2012.10.19"]
[SourceVersion "1"]
[SourceVersionDate "2012.10.19"]
[SourceQuality "1"]

1. b4 e5 2. a3 d5 3. e3 Bd6 4. Bb2 Be6 5. Nf3 f6 6. d3 Ne7 7. Nbd2 c6 8. Be2 0-0 9. c4 a5 10. Bc3 axb4 11. axb4 Nd7 12. 0-0 c5 13. b5 Qc7 14. e4 d4 15. Bb2 Nb6 16. Qc2 g5 17. Rxa8 Rxa8 18. Ra1 Qb8 19. Ra3 Rxa3 20. Bxa3 Qa7 21. Nb1 Ng6 22. Nfd2 Nd7 23. h3 Nf4 24. Bg4 Bxg4 25. hxg4 b6 26. Nf1 Ne6 27. Ng3 Ng7 28. Qd1 Be7 29. Nf5 Nxf5 30. gxf5 1/2-1/2